Organización del comercio y de la empresa /
Guardado en:
| Autor Principal: | |
|---|---|
| Formato: | Libro |
| Publicado: |
Buenos Aires :
Troquel,
1998
|
| Materias: | |
| Etiquetas: |
Agregar Etiqueta
Sin Etiquetas, Sea el primero en etiquetar este registro!
|
| LEADER | 01103nam a22001935a 4500 | ||
|---|---|---|---|
| 001 | CEM.cems013346 | ||
| 005 | 20100506093202.0 | ||
| 008 | 130507s1998##################000#0#####d | ||
| 003 | CEMS | ||
| 020 | |a 9501662845 | ||
| 082 | 0 | 4 | |a 658 |
| 100 | 1 | |a García, Apolinar Edgardo | |
| 245 | 1 | 0 | |a Organización del comercio y de la empresa / |c Apolinar García |
| 260 | |a Buenos Aires : |b Troquel, |c 1998 | ||
| 300 | |a 239 p. | ||
| 505 | 0 | |a El comercio y el transporte -- Comercio -- Comercio interior -- Comercio exterior -- Transportes -- Instituciones y organismos de comercio -- Ferias y mercados -- Bolsas de comercio -- Asociaciones de expansión comercial -- Elevadores de grano -- La empresa -- Organización racional de la empresa -- El capital de la empresa -- Financiación de la empresa -- Los órganos y sus funciones -- Comercialización -- Compras y almacenamiento -- El personal de la empresa -- Publicidad y propaganda -- Formas de publicidad -- Nociones elementales de ética | |
| 653 | |a Administración de empresas | ||
| 653 | |a Comercio | ||
| 859 | |a CEMS |b BIB. CEMS - 11 de abril |h 658 |i G165-1 |p 25856.10 |t Ej.1 | ||
